Boywithuke - Guess the Song by the Lyric 2 - Statistics

General Stats
  • This quiz has been taken 211 times
  • The average score is 17 of 59
Answer Stats
Hint Answer % Correct
I said I talked to people 'bout the problematic life I lived Understand
75%
you know I be wishing I was dead, but I mask it Trauma
57%
I thought that maybe you could be the final fucking remedy Problematic
55%
Let's just keep on staying up past two Before I Die
51%
But they never understood just how you felt Scared of the Dark
49%
girl meets boy, it's so predictable Prairies
48%
Wide awake, I'm wide awake, I don't feel fear Lucid
47%
No one at fault, no one can quell Bad Things
44%
No, he's not a singer, and he doesn't talk King Of Nothing
44%
Cuts, deeper as my head goes nuts Two Moons
43%
I know exactly what I mean when Simon says they lonely Forget Me
40%
Yup, and it's so cold, but what do I know Sick of U
40%
Got no covers or no blankets 'cause I know that love ain't real Out of Tune
39%
That I'm broken, I'm frozen, I'm stuck in my bed She Said No
38%
Lines in a stanza that don't rhyme, but we somehow do Haha, Hi
36%
So run away from me, I'm not what you see Blue
34%
I just wanna stop, had enough, out of love and out of luck idtwcbf (friends)
33%
But I think it's time to let you go Babydoll
32%
I'm a sensitive guy with no touché Blurry Nights
32%
Burning bridges when I'm down Can You Feel It?
32%
A thousand letters. I wrote today Out Of Reach
32%
Looks like I won't be getting rest now Contigo
30%
It's harder when you're farther and they're never let in constantly Migraine
30%
Numbers in my head, I'm counting student loans and babies Kind of Sick of Life
29%
I know that you cry, and I know that you fight Let Me Down
28%
Let it be known that I'm a lone soul Loafers
28%
And I was, but I don't regret it Lovely
28%
I don't have a clue of what you want me to do Psycho
28%
Maybe in another universe Tired of Wanting You
28%
Got me on life support, feeling your lust Bad Luck
27%
Popped off, full of all this love Rockstar
27%
I can barely speak every single breath Camoflage
26%
Stuck in a cave, we fell without a warning Hazel Eyes
25%
Lead my heart into your darkness IDGAF
25%
But I'm out like the Brexit Nihilist
25%
Situations playing out so perfect like that movie scenes Lovesick
24%
We can go to CVS together looking for some tissues Letter For My Bed
23%
Am I wrong for holding onto my feelings Sleep Deprived
23%
I bite my tongue, I hope that you would come, I can't breathe Animal Crackers
22%
Never thought that I would ever fall in love with you Falling For You
22%
Even then you know that I might not be free Homesick
22%
I've wrote hundreds 'bout our love and stayin' strong Far Away
20%
I don't wanna try too hard to be different I Wish
20%
And stay asleep in your bed because it's pouring Shy
20%
I feel unhappy right now, when it's you getting lied to So Cold
20%
I said the same thing to my friends Heart of Ice
19%
These flames weren't meant for you and me Long Drives
19%
A disgrace shot out of orbit, floating into outer space Lost
19%
I wanna die every time I see you popping up Nightmare
19%
Oh, I get so cold without you 2.9 Miles Away
18%
I said I lost my soul Bok Choy
18%
Oh, please, don't ever leave Route 9
18%
Don't worry about the time I Wont Let You Go
16%
I'll wonder if you're takin' my life Toxic
16%
Wish I could fly my kite, and wake up next to you Galaxy
14%
I don't wanna fake it Nosedive
13%
'Cause I cried for help and you still refused Bad Blood
12%
While birds running circles go numb Just Let Me Go
9%
Every night for about a month Zoning Out
9%
No matching quizzes found
Score Distribution
Percent of People with Each Score
Percentile by Number Answered
Your Score History
You have not taken this quiz